00509pam a2200145 a 4500020000500000041000500005082001500010100003700025245007100062260003000133300001600163930000900179999001900188952015600207 c h a741.6bLUP aEllen Lupton and Abbott millon. aThe A B C`S of the Bauhaus and Design Theory hTextual Documents a[s.l]:bThames and Hudson a62:bpaper. a7211 c241001d241001 001040708Text BooksaFAPbFAPd2015-12-12eBhararti Sahakari Grahak Bhandarg1391.00l0o741.6 LUPpFAP-7687r2023-03-07 00:00:00t1w2023-03-07yBK